Riadenie VTR vo VHJ v SSR príloha 2

Gespeichert in:
Bibliographische Detailangaben
Format: Buch
Sprache:Slowakisch
Veröffentlicht: Bratislava VŠE 1985
Tags: Tag hinzufügen
Keine Tags, Fügen Sie das erste Tag hinzu!

MARC

LEADER 00000nam a2200000 4500
001 c041251
005 20260325111053.5
041 0 |a slo 
044 |a SK 
245 1 0 |a Riadenie VTR vo VHJ v SSR  |b príloha 2 
264 1 |a Bratislava  |b VŠE  |c 1985 
300 |a 67 s.